000 00564nmm a2200193Ia 4500
008 251105s9999||||xx |||||||||||||||||und||
020 _a9788433979766
041 _aspa
100 _aZulaika Goicoechea, Jesús
245 0 _aEl Domingo de las Madres
264 _a[Madrid, España] :
_bEditorial Anagrama,
_c2017
300 _a168 páginas
490 _aPanorama de narrativas
650 _aEnglish Narrative
700 _aZulaika Goicoechea, Jesús
700 1 _a Swift, Graham
856 _uhttps://public.digitaliapublishing.com/a/49028
942 _cCF
999 _c72835
_d72835